[Event "GER-ch U16"]
[Site "Willingen"]
[Date "2015.05.30"]
[Round "9"]
[White "Rausch, Adrian"]
[Black "Ngo, Minh Duc"]
[Result "0-1"]
[WhiteElo "1979"]
[BlackElo "1973"]
[PlyCount "72"]
[EventDate "2015.05.24"]
[EventType "swiss"]
[EventRounds "9"]
[EventCountry "GER"]
[SourceTitle "CBM 166 Extra"]
[Source "ChessBase"]
[SourceDate "2015.06.18"]
[SourceVersion "1"]
[SourceVersionDate "2015.06.18"]
[SourceQuality "1"]

1. Nf3 Nf6 2. d4 d5 3. e3 Bg4 4. Nbd2 e6 5. Bd3 c5 6. c3 Nc6 7. h3 Bh5 8. 0-0 Bd6 9. dxc5 Bxc5 10. Qa4 0-0 11. b4 Bd6 12. Bb2 e5 13. b5 Ne7 14. e4 Ng6 15. exd5 Nxd5 16. Be4 Ngf4 17. Qb3 Nf6 18. Bxb7 Rb8 19. Bc6 Nd7 20. c4 Nc5 21. Qd1 f5 22. Nb3 Ncd3 23. Qc2 e4 24. Nbd4 exf3 25. Bxf3 Qg5 26. g3 Bxf3 27. Nxf3 Nxh3+ 28. Kh1 Qh5 29. Nh2 Nxb2 30. Qxb2 Rf6 31. Rac1 Rh6 32. f4 Bc5 33. Rc2 Re8 34. Qc1 Re2 35. Qd1 Nf2+ 36. Rxf2 Qxh2+ 0-1

[Event "GER-chT U16"]
[Site "Magdeburg"]
[Date "2014.12.30"]
[Round "7.2"]
[White "Rausch, Adrian"]
[Black "Storch, Domenic"]
[Result "1-0"]
[WhiteElo "1918"]
[BlackElo "1596"]
[PlyCount "37"]
[EventDate "2014.12.27"]
[EventType "team-swiss"]
[EventRounds "7"]
[EventCountry "GER"]
[SourceTitle "EXT 2016"]
[Source "ChessBase"]
[SourceDate "2015.10.08"]
[SourceVersion "1"]
[SourceVersionDate "2015.10.08"]
[SourceQuality "1"]
[WhiteTeam "Backnang"]
[BlackTeam "Leipzig Turm"]
[WhiteTeamCountry "GER"]
[BlackTeamCountry "GER"]

1. Nf3 Nf6 2. e3 g6 3. d4 Bg7 4. g3 0-0 5. Bg2 d6 6. c4 Nbd7 7. Nc3 e5 8. 0-0 Nh5 9. b3 f5 10. Ba3 Re8 11. Qd2 a5 12. Rad1 Nf8 13. dxe5 Bxe5 14. Nxe5 Rxe5 15. Bd5+ Kh8 16. Bb2 Ng7 17. Ne2 Re8 18. Bf7 Re7 19. Bf6 1-0

[Event "GER-chT U16"]
[Site "Magdeburg"]
[Date "2014.12.29"]
[Round "6.2"]
[White "Savchenko, Daniel"]
[Black "Rausch, Adrian"]
[Result "0-1"]
[WhiteElo "1932"]
[BlackElo "1918"]
[PlyCount "94"]
[EventDate "2014.12.27"]
[EventType "team-swiss"]
[EventRounds "7"]
[EventCountry "GER"]
[SourceTitle "EXT 2016"]
[Source "ChessBase"]
[SourceDate "2015.10.08"]
[SourceVersion "1"]
[SourceVersionDate "2015.10.08"]
[SourceQuality "1"]
[WhiteTeam "Duesseldorf"]
[BlackTeam "Backnang"]
[WhiteTeamCountry "GER"]
[BlackTeamCountry "GER"]

1. e4 a6 2. d4 b5 3. Bd3 Bb7 4. Nf3 e6 5. 0-0 c5 6. c3 Nf6 7. Re1 d6 8. a4 b4 9. cxb4 cxb4 10. Bd2 d5 11. e5 Ne4 12. Bc1 Be7 13. Nbd2 Nxd2 14. Qxd2 h6 15. Qf4 g5 16. Qg3 Nc6 17. h4 Qb6 18. hxg5 hxg5 19. Be3 0-0-0 20. Rec1 Kb8 21. Nd2 g4 22. Nb3 Rdg8 23. Nc5 Bxc5 24. Rxc5 Na5 25. Bc2 Nc4 26. a5 Qd8 27. Bf4 Rh3 28. gxh3 gxh3 29. Kh2 Rxg3 30. fxg3 Qh8 31. b3 Qh5 32. Bd1 Qf5 33. bxc4 Qe4 34. Kxh3 Qxd4 35. cxd5 Qxc5 36. d6 Qd5 37. Bg4 Qg2+ 38. Kh4 Bd5 39. Rc1 Bc6 40. Rc4 Qh1+ 41. Kg5 Bb5 42. Rxb4 Qe1 43. Rd4 Qxa5 44. Kf6 Qd8+ 45. Kg7 Qd7 46. Rd1 f5+ 47. Kf6 fxg4 0-1

[Event "GER-ch U14"]
[Site "Oberhof"]
[Date "2013.05.23"]
[Round "7"]
[White "Bergauz, Noam"]
[Black "Rausch, Adrian"]
[Result "0-1"]
[WhiteElo "1900"]
[BlackElo "1750"]
[PlyCount "42"]
[EventDate "2013.05.19"]
[EventType "swiss"]
[EventRounds "9"]
[EventCountry "GER"]
[SourceTitle "CBM 154 Extra"]
[Source "ChessBase"]
[SourceDate "2013.06.25"]
[SourceVersion "2"]
[SourceVersionDate "2013.06.25"]
[SourceQuality "1"]

1. e4 b6 2. d4 Bb7 3. Nc3 e6 4. Nf3 Bb4 5. Bd3 c5 6. a3 Bxc3+ 7. bxc3 cxd4 8. cxd4 Ne7 9. 0-0 0-0 10. e5 f5 11. exf6 Rxf6 12. Bg5 Bxf3 13. gxf3 Rf7 14. c4 h6 15. Bh4 Qf8 16. Be4 d5 17. cxd5 exd5 18. Bc2 Nf5 19. Bg3 Nc6 20. Bb3 Rd8 21. Bc7 Rxc7 0-1

[Event "GER-chT U14"]
[Site "Lingen"]
[Date "2011.12.28"]
[Round "4.1"]
[White "Rausch, Adrian"]
[Black "Bilchinski, Anton"]
[Result "0-1"]
[WhiteElo "1706"]
[BlackElo "1820"]
[PlyCount "42"]
[EventDate "2011.12.27"]
[EventType "team-swiss"]
[EventRounds "7"]
[EventCountry "GER"]
[SourceTitle "EXT 2022"]
[Source "ChessBase"]
[SourceDate "2021.10.06"]
[SourceVersion "1"]
[SourceVersionDate "2021.10.06"]
[SourceQuality "1"]
[WhiteTeam "Backnang U14"]
[BlackTeam "Goeggingen U14"]
[WhiteTeamCountry "GER"]
[BlackTeamCountry "GER"]

1. d4 Nf6 2. c4 g6 3. Nc3 Bg7 4. e4 d6 5. f3 0-0 6. Be3 Nc6 7. Nge2 a6 8. Nc1 e5 9. d5 Nd4 10. Bxd4 exd4 11. N3e2 Re8 12. Ng3 c5 13. Be2 h5 14. 0-0 Bh6 15. Nh1 h4 16. Qc2 Be3+ 17. Nf2 Nh5 18. Kh1 Ng3+ 19. hxg3 hxg3 20. Nh3 Qh4 21. f4 Bxh3 0-1

[Event "GER-chT Lands U21"]
[Site "Xanten"]
[Date "2011.11.01"]
[Round "4.7"]
[White "Rogozenco, Teodora Nana"]
[Black "Rausch, Adrian"]
[Result "0-1"]
[WhiteElo "1552"]
[BlackElo "1722"]
[PlyCount "52"]
[EventDate "2011.10.31"]
[EventType "team-swiss"]
[EventRounds "7"]
[EventCountry "GER"]
[SourceTitle "EXT 2022"]
[Source "ChessBase"]
[SourceDate "2021.10.06"]
[SourceVersion "1"]
[SourceVersionDate "2021.10.06"]
[SourceQuality "1"]
[WhiteTeam "Hamburg U21"]
[BlackTeam "Wuerttemberg U21"]
[WhiteTeamCountry "GER"]
[BlackTeamCountry "GER"]

1. c4 c6 2. d4 d5 3. Nc3 dxc4 4. a4 e5 5. dxe5 Qxd1+ 6. Kxd1 Be6 7. e4 Na6 8. Be3 0-0-0+ 9. Ke1 Bc5 10. Bd2 Bxf2+ 11. Ke2 Bb6 12. Nf3 h6 13. g3 Ne7 14. Bg2 Bg4 15. Rhf1 Ng6 16. h3 Bxf3+ 17. Rxf3 Nxe5 18. Rff1 f6 19. h4 Rd3 20. Bf4 Rhd8 21. h5 Nc5 22. Bh3+ Kb8 23. Bf5 Nb3 24. Ra2 Nd4+ 25. Ke1 Ndf3+ 26. Ke2 Rd2+ 0-1

[Event "Wuerttemberg-ch KT"]
[Site "Lauffen am Neckar"]
[Date "2011.09.04"]
[Round "9"]
[White "Rausch, Adrian"]
[Black "Hahn, Alexander"]
[Result "1-0"]
[WhiteElo "1611"]
[BlackElo "1829"]
[PlyCount "79"]
[EventDate "2011.08.26"]
[EventType "swiss"]
[EventRounds "9"]
[EventCountry "GER"]
[SourceTitle "EXT 2017"]
[Source "ChessBase"]
[SourceDate "2016.10.25"]
[SourceVersion "1"]
[SourceVersionDate "2016.10.25"]
[SourceQuality "1"]

1. d4 Nf6 2. c4 g6 3. Nc3 Bg7 4. e4 d6 5. f3 0-0 6. Be3 Nbd7 7. Nh3 c5 8. d5 a6 9. Nf2 Qc7 10. a4 e6 11. Be2 exd5 12. cxd5 Ne8 13. 0-0 f5 14. Qd2 Nef6 15. exf5 gxf5 16. Bh6 Ne5 17. Qg5 Ne8 18. Bxg7 Nxg7 19. f4 Nf7 20. Qg3 Bd7 21. Rfe1 Kh8 22. h4 Rae8 23. Nh3 Qd8 24. Ng5 Qf6 25. Rad1 Re7 26. h5 Nh6 27. Bf3 Rfe8 28. Rxe7 Rxe7 29. Re1 Be8 30. Ne6 Nxe6 31. Rxe6 Rxe6 32. dxe6 Qxe6 33. Bd5 Qe7 34. Qg5 Qe1+ 35. Kh2 Ng4+ 36. Kh3 Nf2+ 37. Kh2 Ng4+ 38. Kh3 Qe3+ 39. g3 Nf2+ 40. Kg2 1-0

[Event "Wuerttemberg-ch KT"]
[Site "Lauffen am Neckar"]
[Date "2011.09.03"]
[Round "8"]
[White "Ruff, Robert"]
[Black "Rausch, Adrian"]
[Result "1/2-1/2"]
[WhiteElo "1785"]
[BlackElo "1611"]
[PlyCount "38"]
[EventDate "2011.08.26"]
[EventType "swiss"]
[EventRounds "9"]
[EventCountry "GER"]
[SourceTitle "EXT 2017"]
[Source "ChessBase"]
[SourceDate "2016.10.25"]
[SourceVersion "1"]
[SourceVersionDate "2016.10.25"]
[SourceQuality "1"]

1. d4 d5 2. c4 c6 3. Nf3 Nf6 4. Nc3 Bf5 5. cxd5 cxd5 6. Qb3 Qb6 7. Nxd5 Nxd5 8. Qxd5 e6 9. Qb3 Nc6 10. Qxb6 axb6 11. Bd2 Nb4 12. Bxb4 Bxb4+ 13. Nd2 Rc8 14. a3 Bxd2+ 15. Kxd2 Rc2+ 16. Ke3 Rxb2 17. Kf3 0-0 18. g4 Bg6 19. h4 h5 1/2-1/2

[Event "Wuerttemberg-ch KT"]
[Site "Lauffen am Neckar"]
[Date "2011.08.30"]
[Round "4"]
[White "Rausch, Adrian"]
[Black "Bauer, Dieter"]
[Result "1/2-1/2"]
[WhiteElo "1611"]
[BlackElo "1789"]
[PlyCount "62"]
[EventDate "2011.08.26"]
[EventType "swiss"]
[EventRounds "9"]
[EventCountry "GER"]
[SourceTitle "EXT 2017"]
[Source "ChessBase"]
[SourceDate "2016.10.25"]
[SourceVersion "1"]
[SourceVersionDate "2016.10.25"]
[SourceQuality "1"]

1. d4 Nf6 2. c4 c5 3. d5 b5 4. cxb5 a6 5. Nc3 d6 6. e4 g6 7. Qb3 Bg7 8. b6 Bb7 9. a4 a5 10. Bd3 Nbd7 11. Nge2 0-0 12. 0-0 Qxb6 13. Qxb6 Nxb6 14. f3 Rfc8 15. Be3 Ne8 16. Rab1 Nc7 17. Rfe1 Na6 18. Bb5 Nb4 19. Bf2 Rc7 20. Ng3 Nc2 21. Red1 Nb4 22. Nge2 Nd7 23. g4 Ne5 24. Kg2 Rb8 25. Kg3 g5 26. Be3 h6 27. f4 gxf4+ 28. Nxf4 Bc8 29. h3 Nc2 30. Bg1 Nd4 31. Bxd4 cxd4 1/2-1/2

[Event "GER-ch U12"]
[Site "Oberhof"]
[Date "2011.06.13"]
[Round "4"]
[White "Rausch, Adrian"]
[Black "Kololli, Kevin"]
[Result "1/2-1/2"]
[WhiteElo "1469"]
[BlackElo "1596"]
[PlyCount "59"]
[EventDate "2011.06.11"]
[EventType "swiss"]
[EventRounds "11"]
[EventCountry "GER"]
[SourceTitle "CBM 142 Extra"]
[Source "ChessBase"]
[SourceDate "2011.06.27"]
[SourceVersion "1"]
[SourceVersionDate "2011.06.27"]
[SourceQuality "1"]

1. d4 Nf6 2. c4 c5 3. d5 b5 4. cxb5 a6 5. bxa6 Bxa6 6. Nc3 d6 7. g3 g6 8. Bg2 Bg7 9. Nf3 0-0 10. Rb1 Nbd7 11. 0-0 Nb6 12. b3 Qc7 13. Re1 Nbd7 14. Bb2 Rfb8 15. e4 c4 16. Nd4 Ne5 17. Nc6 Nxc6 18. dxc6 cxb3 19. axb3 e6 20. f4 Ne8 21. e5 d5 22. Rc1 Rb6 23. Bxd5 exd5 24. Nxd5 Qb8 25. Nxb6 Qxb6+ 26. Bd4 Qc7 27. b4 Bb5 28. Rc5 Rb8 29. Qc2 Bf8 30. e6 1/2-1/2

[Event "GER-ch U12"]
[Site "Oberhof"]
[Date "2011.06.12"]
[Round "2"]
[White "Rausch, Adrian"]
[Black "Silber, Stefanie"]
[Result "1-0"]
[WhiteElo "1469"]
[BlackElo "1095"]
[PlyCount "35"]
[EventDate "2011.06.11"]
[EventType "swiss"]
[EventRounds "11"]
[EventCountry "GER"]
[SourceTitle "CBM 142 Extra"]
[Source "ChessBase"]
[SourceDate "2011.06.27"]
[SourceVersion "1"]
[SourceVersionDate "2011.06.27"]
[SourceQuality "1"]

1. d4 d5 2. c4 c6 3. Nf3 e6 4. e3 Nf6 5. Bd3 Be7 6. 0-0 0-0 7. b3 Nbd7 8. Bb2 Qc7 9. Nbd2 c5 10. Ne5 Nxe5 11. dxe5 Nd7 12. f4 f6 13. Qh5 g6 14. Bxg6 hxg6 15. Qxg6+ Kh8 16. Rf3 Rf7 17. Rh3+ Rh7 18. Rxh7# 1-0

[Event "GER-ch U12"]
[Site "Oberhof"]
[Date "2011.06.12"]
[Round "1"]
[White "Riehle, Marco"]
[Black "Rausch, Adrian"]
[Result "1-0"]
[WhiteElo "1747"]
[BlackElo "1469"]
[PlyCount "75"]
[EventDate "2011.06.11"]
[EventType "swiss"]
[EventRounds "11"]
[EventCountry "GER"]
[SourceTitle "CBM 142 Extra"]
[Source "ChessBase"]
[SourceDate "2011.06.27"]
[SourceVersion "1"]
[SourceVersionDate "2011.06.27"]
[SourceQuality "1"]

1. e4 c6 2. c4 d5 3. exd5 cxd5 4. cxd5 Nf6 5. Nc3 Nxd5 6. Nf3 Nc6 7. d4 Bg4 8. Be2 e6 9. 0-0 Be7 10. Ne5 Bxe2 11. Nxe2 Nxe5 12. dxe5 0-0 13. f4 Qb6+ 14. Kh1 Rfd8 15. Ng3 Ne3 16. Bxe3 Rxd1 17. Bxb6 Rxf1+ 18. Nxf1 axb6 19. g3 Rc8 20. Ne3 Bc5 21. Nc4 b5 22. Nd6 Bxd6 23. exd6 Kf8 24. Rd1 Rd8 25. Rd4 Ke8 26. Rb4 Rxd6 27. Rxb5 b6 28. a4 Kd7 29. Kg2 Kc6 30. Kf3 Rd5 31. Rxd5 Kxd5 32. b4 f5 33. Ke3 h6 34. a5 g5 35. a6 Kc6 36. b5+ Kc7 37. Kd4 gxf4 38. gxf4 1-0

[Event "Stuttgart-chB int"]
[Site "Gerlingen"]
[Date "2011.06.04"]
[Round "7"]
[White "Werner, Stefan1111"]
[Black "Rausch, Adrian"]
[Result "1/2-1/2"]
[WhiteElo "1707"]
[BlackElo "1469"]
[PlyCount "40"]
[EventDate "2011.06.02"]
[EventType "swiss"]
[EventRounds "7"]
[EventCountry "GER"]
[SourceTitle "EXT 2018"]
[Source "ChessBase"]
[SourceDate "2017.10.13"]
[SourceVersion "1"]
[SourceVersionDate "2017.10.13"]
[SourceQuality "1"]

1. e4 e6 2. d4 d5 3. Nc3 Nf6 4. e5 Nfd7 5. f4 c5 6. Nf3 Nc6 7. Be3 Qb6 8. Rb1 cxd4 9. Bxd4 Nxd4 10. Nxd4 Bc5 11. Na4 Qa5+ 12. c3 Bxd4 13. Qxd4 a6 14. Bd3 b5 15. Nc5 Qb6 16. Nb3 Qxd4 17. Nxd4 Nc5 18. Bc2 f5 19. 0-0 Bd7 20. Rbd1 Ke7 1/2-1/2

[Event "Stuttgart-chB int"]
[Site "Gerlingen"]
[Date "2011.06.03"]
[Round "5"]
[White "Muench, Werner"]
[Black "Rausch, Adrian"]
[Result "1/2-1/2"]
[WhiteElo "1884"]
[BlackElo "1469"]
[PlyCount "62"]
[EventDate "2011.06.02"]
[EventType "swiss"]
[EventRounds "7"]
[EventCountry "GER"]
[SourceTitle "EXT 2018"]
[Source "ChessBase"]
[SourceDate "2017.10.13"]
[SourceVersion "1"]
[SourceVersionDate "2017.10.13"]
[SourceQuality "1"]

1. d4 d5 2. c4 c6 3. Nf3 dxc4 4. g3 Bf5 5. Bg2 Bxb1 6. Rxb1 Qa5+ 7. Bd2 Qxa2 8. 0-0 Qb3 9. Qc1 Nd7 10. Ra1 e6 11. Bc3 Ngf6 12. Nd2 Qb6 13. Nxc4 Qc7 14. e4 Be7 15. Ne3 0-0 16. d5 cxd5 17. exd5 exd5 18. Nxd5 Nxd5 19. Bxd5 Nf6 20. Bxf6 Qxc1 21. Raxc1 Bxf6 22. Bxb7 Rab8 23. Rc7 Rfd8 24. b3 Be5 25. Rc5 Bd4 26. Rb5 Bb6 27. Ba6 Rd2 28. Rf5 g6 29. Rf3 Rc2 30. Rd1 f5 31. Bc4+ Kh8 1/2-1/2

[Event "Stuttgart-chB int"]
[Site "Gerlingen"]
[Date "2011.06.03"]
[Round "3"]
[White "Toelg, Wolfgang"]
[Black "Rausch, Adrian"]
[Result "1-0"]
[WhiteElo "1776"]
[BlackElo "1469"]
[PlyCount "155"]
[EventDate "2011.06.02"]
[EventType "swiss"]
[EventRounds "7"]
[EventCountry "GER"]
[SourceTitle "EXT 2018"]
[Source "ChessBase"]
[SourceDate "2017.10.13"]
[SourceVersion "1"]
[SourceVersionDate "2017.10.13"]
[SourceQuality "1"]

1. e4 e6 2. d4 d5 3. e5 c5 4. c3 Nc6 5. f4 Qa5 6. Nf3 cxd4 7. Nxd4 Nxd4 8. Qxd4 Bc5 9. Qd3 Qb6 10. Qb5+ Bd7 11. Qxb6 Bxb6 12. Nd2 Ne7 13. Nf3 f6 14. Nd4 fxe5 15. fxe5 Ng6 16. Be2 Nxe5 17. Bf4 Nf7 18. Bg3 e5 19. Nc2 Bf5 20. Nb4 Be4 21. Bf3 Bxf3 22. gxf3 0-0-0 23. Rd1 d4 24. cxd4 Rxd4 25. Nd3 e4 26. fxe4 Rxe4+ 27. Kd2 Rhe8 28. Rc1+ Kd8 29. Kc2 Re2+ 30. Kb1 Rd2 31. Rhd1 Rxd1 32. Rxd1 Ke7 33. Nf4 Kf8 34. Rd7 g5 35. Nd5 Rd8 36. Rxd8+ Bxd8 37. Bf2 a6 38. Kc2 h5 39. Kd3 h4 40. Bc5+ Kg7 41. Ke4 Bf6 42. Bd4 Bxd4 43. Kxd4 Kg6 44. Ke4 Nd6+ 45. Kf3 Nc4 46. b3 Nd2+ 47. Ke2 g4 48. Kxd2 g3 49. hxg3 hxg3 50. Ke2 Kf5 51. Kf3 Ke5 52. Nc3 Kd4 53. Ne2+ Kd3 54. Nxg3 Kc2 55. Ke3 Kb2 56. Kd3 Kxa2 57. Kc4 b5+ 58. Kc3 a5 59. Ne4 b4+ 60. Kc4 Kb2 61. Nc5 Kc2 62. Kb5 Kc3 63. Kxa5 Kd4 64. Kxb4 Kd5 65. Kb5 Kd6 66. Kb6 Ke7 67. Kc7 Ke8 68. b4 Ke7 69. b5 Ke8 70. b6 Ke7 71. b7 Ke8 72. b8Q+ Ke7 73. Qb6 Ke8 74. Qd6 Kf7 75. Kd7 Kg7 76. Ke7 Kh8 77. Kf7 Kh7 78. Qh2# 1-0

[Event "GER-chT U12"]
[Site "Gross Doelln"]
[Date "2010.12.30"]
[Round "7.3"]
[White "Koch, Elisabeth"]
[Black "Rausch, Adrian"]
[Result "0-1"]
[WhiteElo "1306"]
[BlackElo "1326"]
[PlyCount "98"]
[EventDate "2010.12.27"]
[EventType "team-swiss"]
[EventRounds "7"]
[EventCountry "GER"]
[SourceTitle "CBM 140 Extra"]
[Source "ChessBase"]
[SourceDate "2011.03.01"]
[SourceVersion "1"]
[SourceVersionDate "2011.03.01"]
[SourceQuality "1"]
[WhiteTeam "Weissensee U12"]
[BlackTeam "Backnang U12"]
[WhiteTeamCountry "GER"]
[BlackTeamCountry "GER"]

1. e4 c6 2. d4 d5 3. exd5 cxd5 4. Bd3 Nc6 5. c3 Nf6 6. Nf3 Bg4 7. 0-0 e6 8. Bf4 Be7 9. Nbd2 0-0 10. Re1 Rc8 11. Nf1 Bd6 12. Bxd6 Qxd6 13. h3 Bh5 14. Ng3 Bg6 15. Bxg6 hxg6 16. Qd2 Nh7 17. Ne2 Rfe8 18. Nf4 Nf6 19. Nd3 Ne4 20. Qe3 Na5 21. Nfe5 Nc4 22. Nxc4 Rxc4 23. Ne5 Rc7 24. Qf4 Rd8 25. f3 Nf6 26. Kf2 Nh5 27. Qg5 f6 28. Qxg6 Nf4 29. Qg4 fxe5 30. dxe5 Nd3+ 31. Ke3 Nxe5 32. Qd4 Nc4+ 33. Kf2 e5 34. Qh4 Qc5+ 35. Kg3 Qd6 36. b3 Nb2 37. Re3 d4 38. Re2 e4+ 39. f4 Rxc3+ 40. Kh2 d3 41. Rxb2 Rc2 42. Rxc2 dxc2 43. Rc1 Rc8 44. Qg4 Rc6 45. Kg3 Qd2 46. Qh5 Qe3+ 47. Kg4 Qe2+ 48. Kg5 Rc5+ 49. f5 Rxf5+ 0-1